000 01000cam a2200265 a 4500
001 4035857
003 ARRUPE
005 20131127124918.0
008 980928s1999 cau 000 1 eng
010 _a 98046380
020 _a1555834868 (alk. paper)
040 _aDLC
_cDLC
_dDLC
050 0 0 _aPS3573.I45678
_bS25 1999
100 1 _aSjoholm, Barbara,
_d1950-
_94159
245 1 0 _aSalt water and other stories /
_cby Barbara Wilson.
246 1 8 _aSalt water
250 _a1st ed.
260 _aLos Angeles :
_bAlyson Books,
_c1999.
300 _a249 p. ;
_c21 cm.
505 0 _aSalt water -- We didn't see it -- Is this enough for you? -- I met a dog in the Pyrenees -- Archeology -- Wood -- The woman who married her son's wife -- Suit of leather -- Silkie.
650 0 _aLesbians
_xFiction.
_94160
906 _a7
_bcbc
_corignew
_d1
_eocip
_f19
_gy-gencatlg
942 _2lcc
_cMONOGRAPH
999 _c118766
_d118766